000
00269nam a2200097Ia 4500
082
_a
R 422.3
245
0
_a
Oxford school dictionary of word origins
100
_a
AYTO, John Oxford, 2009 New ed
_9
14662
942
_c
BK
008
210816s9999 xx 000 0 und d
999
_c
77463
_d
77462